Verfahren der Silageproduktion /

Uložené v:
Podrobná bibliografia
Hlavní autori: Knabe, Otto (Author), Fechner, Manfred (Author), Weisse, Gerhard (Author)
Médium: Kniha
Jazyk:German
Vydané: Berlin : Deutscher Landwirtschaftsverlag, 1986.
Vydanie:1. Aufl.
ISBN: (viaz.)
Fyzický popis: 300 s.
Tagy: Pridať tag
Žiadne tagy, Buďte prvý kto otaguje tento záznam!

MARC

LEADER 00000nam a2200000 a 4500
001 000220113
005 20120813205854.0
008 980105s1986 gw ger d
020 |a (viaz.)  |c Kčs 80,00 
040 |a SVKKK  |b slo  |c SVKKK  |e AACR2 
041 0 |a ger 
044 |a gw  |c DE 
100 1 |a Knabe, Otto  |4 aut 
245 1 0 |a Verfahren der Silageproduktion /  |c Otto Knabe, Manfred Fechner, Gerhard Weisse. 
250 |a 1. Aufl. 
260 |a Berlin :  |b Deutscher Landwirtschaftsverlag,  |c 1986. 
300 |a 300 s. 
700 1 |a Fechner, Manfred  |4 aut 
700 1 |a Weisse, Gerhard  |4 aut 
910 |a svkkk 
998 |a BK 
090 |g SCKHL  |k Sklad Pribinova 2. posch.  |a III.136080  |j 729758  |i 2720625350  |s Absenčne